बहती गंगा / (Record no. 36729)
[ view plain ]
| 000 -LEADER | |
|---|---|
| fixed length control field | 01203nam a22002537a 4500 |
| 005 - DATE AND TIME OF LATEST TRANSACTION | |
| control field | 20100618122738.0 |
| 008 - FIXED-LENGTH DATA ELEMENTS--GENERAL INFORMATION | |
| fixed length control field | 100618t xxu||||| |||| 00| 0 hin d |
| 010 ## - LCCN (DPL NO) | |
| LC control number | HIN-89549 |
| 020 ## - INTERNATIONAL STANDARD BOOK NUMBER | |
| International Standard Book Number | 9788171192777 |
| Terms of availability | 200.00 |
| 035 ## - SYSTEM CONTROL NUMBER | |
| System control number | HN-61895 |
| 037 ## - SOURCE OF ACQUISITION | |
| Source of stock number/acquisition | DBAD / PUB |
| 040 ## - CATALOGING SOURCE | |
| Original cataloging agency | DPL |
| Language of cataloging | HN |
| 082 ## - DEWEY DECIMAL CLASSIFICATION NUMBER | |
| Classification number | उ |
| 100 ## - MAIN ENTRY--PERSONAL NAME | |
| Personal name | मिश्र, शिवप्रसाद 'रूद्र' |
| 9 (RLIN) | 22334 |
| 245 ## - TITLE STATEMENT | |
| Title | बहती गंगा / |
| Statement of responsibility, etc | शिवप्रसाद मिश्र, 'रूद्र' |
| 246 ## - VARYING FORM OF TITLE | |
| Title proper/short title | Bahati Ganga |
| Remainder of title | by Shivprasad Mishra 'Rudra' |
| 260 ## - PUBLICATION, DISTRIBUTION, ETC. (IMPRINT) | |
| Place of publication, distribution, etc | नई दिल्ली |
| Name of publisher, distributor, etc | राधाकृष्ण प्रकाशन |
| Date of publication, distribution, etc | 2010 |
| 270 ## - ADDRESS | |
| Address | 7/31, अंसारी रोड, दरियागंज |
| City | नई दिल्ली |
| Postal code | 110002 |
| Electronic mail address | info@radhakrishnaprakashan.com |
| 300 ## - PHYSICAL DESCRIPTION | |
| Extent | 164पृ |
| Dimensions | 22सेमी (सजिल्द) |
| 650 ## - SUBJECT ADDED ENTRY--TOPICAL TERM | |
| Topical term or geographic name as entry element | हिन्दी कथा साहित्य |
| 9 (RLIN) | 657 |
| 650 ## - SUBJECT ADDED ENTRY--TOPICAL TERM | |
| Topical term or geographic name as entry element | Hindi Fiction |
| 9 (RLIN) | 22673 |
| 942 ## - ADDED ENTRY ELEMENTS (KOHA) | |
| Source of classification or shelving scheme | Dewey Decimal Classification |
| Item type | Hindi Books |
| Classification part | उ |
| Call number suffix | मिश्रशि |
| Withdrawn status | Lost status | Source of classification or shelving scheme | Damaged status | Not for loan | Collection code | Home library | Current library | Date acquired | Source of acquisition | Cost, normal purchase price | Total Checkouts | Full call number | Barcode | Date last seen | Copy number | Cost, replacement price | Koha item type |
|---|---|---|---|---|---|---|---|---|---|---|---|---|---|---|---|---|---|
| Dewey Decimal Classification | Not For Loan | Non-fiction | D.B.Act.Division | D.B.Act.Division | 21/06/2010 | DBAD / PUB | 200.00 | उ मिश्रशि | HN-61895 | 21/06/2010 | 1 | 200.00 | Hindi Books |
